000 00907nas a2200277 4500
001 BR0801975
003 BR-BrBNA
005 20231205111851.0
007 ta
008 230509b bl.|||p| |||| 00| 00por d
040 _aBR-BrBNA
_bpor
_cBiblioteca Nacional de Agricultura
041 _a(Pt)
072 _aL51; Q04
100 1 _aGarcia, C.A.
245 1 _aInfluência do tempo de descanso "ante mortem" e dieta de melaço sobre os níveis de glicogênio muscular na carne de equinos (Equus caballus)
650 _aEQUINO
650 _aCARNE
650 _aMÚSCULO
650 _aDIETA
650 _aMELAÇO
650 _aABATE
650 _aANÁLISE QUÍMICA
773 0 _tAnais da Escola de Agronomia e Veterinária -Universidade Federal de Goiás (Brazil)
_xISSN 0100-218X
_g(Jan-Dec 1987), v. 17(1) p. 59-66
_wBR0801975
909 _a202311
_bLúcia
_c55
_dLúcia Elande
942 _2AGRIS
_n0
_cANA
999 _c194874
_d194874